تاريخ الفن : (رقم التسجيلة. 50204)

تفاصيل مارك
000 -LEADER
fixed length control field 00591nam a22002057a 4500
005 - DATE AND TIME OF LATEST TRANSACTION
control field 20251108170834.0
008 - FIXED-LENGTH DATA ELEMENTS--GENERAL INFORMATION
fixed length control field 250721s1995 xx 000 0 ara d
082 14 - DEWEY DECIMAL CLASSIFICATION NUMBER
Classification number 709.012/جان
100 1# - MAIN ENTRY--PERSONAL NAME
Personal name جانسون، هورست ولديمار
245 10 - TITLE STATEMENT
Title تاريخ الفن :
Remainder of title العالم القديم /
264 ## - PRODUCTION, PUBLICATION, DISTRIBUTION, MANUFACTURE, AND COPYRIGHT NOTICE
Date of production, publication, distribution, manufacture, or copyright notice 1995.
300 ## - PHYSICAL DESCRIPTION
Extent 199ص : مص
650 17 - SUBJECT ADDED ENTRY--TOPICAL TERM
Topical term or geographic name as entry element الفن القديم
650 17 - SUBJECT ADDED ENTRY--TOPICAL TERM
Topical term or geographic name as entry element العالم القديم
650 17 - SUBJECT ADDED ENTRY--TOPICAL TERM
Topical term or geographic name as entry element تاريخ الفن
700 1# - ADDED ENTRY--PERSONAL NAME
Personal name دوراجين،
700 1# - ADDED ENTRY--PERSONAL NAME
Personal name التل، عصام
Relator term ترجمة
942 ## - ADDED ENTRY ELEMENTS (KOHA)
Source of classification or shelving scheme Dewey Decimal Classification
Koha item type مراجع
المقتنيات
حالة السحب حالة الفقدان مصدر التصنيف حالة التلف غير قابل للإعارة المكتبة الرئيسية المكتبة الحالية موقع الرف تاريخ التزويد الرقم المتسلسل Total Checkouts رقم الإستدعاء تاريخ آخر ظهور تاريخ الفاتورة نوع المادة (كوها) الباركود
    Dewey Decimal Classification   Not For Loan مكتبة أبو علندا العامة مكتبة أبو علندا العامة مراجع 09/10/2015 ( 1004)   709.012/جان 28/07/2025 09/10/2015 مراجع PLD00353440
    Dewey Decimal Classification Unchecked   مكتبة الاميرة بديعة مكتبة الاميرة بديعة الإعارة 06/07/2004 6648   709.012/جان 28/07/2025 06/07/2004 مراجع  
    Dewey Decimal Classification Unchecked   مكتبة حمزة العامة مكتبة حمزة العامة الإعارة 06/07/2004 6253   709.012/جان 28/07/2025 06/07/2004 مراجع  
    Dewey Decimal Classification     مكتبة صويلح العامة مكتبة صويلح العامة الإعارة 22/06/2019 013749   709.012/جان 28/07/2025 22/06/2019 مراجع PLD00454746
Implemented & Customized by: BBB with SCIT (Smart Chains for Information Technology)

Powered by Koha